Introducción al estudio de la historia (Registro nro. 3121)
[ vista simple ]
| 000 -LEADER | |
|---|---|
| fixed length control field | 01386 a2200229 4500 |
| 001 - CONTROL NUMBER | |
| control field | 39887 |
| 005 - DATE AND TIME OF LATEST TRANSACTION | |
| control field | 20260407155655.0 |
| 008 - FIXED-LENGTH DATA ELEMENTS--GENERAL INFORMATION | |
| fixed length control field | 260407a1957 arg spa d |
| 003 - CONTROL NUMBER IDENTIFIER | |
| control field | AR-UNSa-BCEJYS |
| 040 ## - CATALOGING SOURCE | |
| Original cataloging agency | AR-UNSa-BCEJYS |
| Language of cataloging | spa |
| Transcribing agency | AR-UNSa-BCEJYS |
| 080 ## - UNIVERSAL DECIMAL CLASSIFICATION NUMBER | |
| Universal Decimal Classification number | 930.2 |
| Common auxiliary subdivision | Metodología de la historia. Estudios basados en fuentes escritas, documentos, inscripciones |
| 041 ## - LANGUAGE CODE | |
| Language code of text/sound track or separate title | spa |
| 100 1# - MAIN ENTRY--PERSONAL NAME | |
| Personal name | Bauer, Wilhelm |
| 245 10 - TITLE STATEMENT | |
| Title | Introducción al estudio de la historia |
| 250 ## - EDITION STATEMENT | |
| Edition statement | 3a. ed |
| 264 #1 - PRODUCTION, PUBLICATION, DISTRIBUTION, MANUFACTURE, AND COPYRIGHT NOTICE | |
| Place of production, publication, distribution, manufacture | Barcelona : |
| Name of producer, publisher, distributor, manufacturer | Bosch |
| Date of production, publication, distribution, manufacture, or copyright notice | 1957 |
| 300 ## - PHYSICAL DESCRIPTION | |
| Extent | 626 p. |
| Dimensions | 22 cm. |
| 505 ## - FORMATTED CONTENTS NOTE | |
| Formatted contents note | 1. Orientaciones generales para el estudio de la Historia - 2. Los fundamentos teoréticos de la Historia - 3. El suceder histórico en sus elementos - 4. Los fundamentos psíquicos de la investigación histórica - 5. La configuración y la división de la materia - 6. La división de la ciencia de la Historia según el modo de exposición - 7. Heurística (conocimiento general de las fuentes) - 8. El previo exámen critico de las fuentes (crítica externa) - 9. Las fuentes histórica mas importantes - 10. La determinación del hecho( crítica interna) - 11. Los medios estilísticos de expresión de la ciencia histórica - 12. Iniciación en el aprovechamiento de los medios auxiliares bibliográficos. |
| 590 ## - LOCAL NOTE (RLIN) | |
| Local note | niveau_biblio:m niveau_hierar:0 |
| 700 1# - ADDED ENTRY--PERSONAL NAME | |
| Personal name | Valdeavellano, Luis G de |
| 942 ## - ADDED ENTRY ELEMENTS (KOHA) | |
| Koha item type | |
| Withdrawn status | Lost status | Damaged status | Not for loan | Home library | Current library | Shelving location | Date acquired | Total checkouts | Full call number | Barcode | Date last seen | Price effective from | Koha item type |
|---|---|---|---|---|---|---|---|---|---|---|---|---|---|
| Biblioteca Prof. Eusebio Cleto del Rey | Biblioteca Prof. Eusebio Cleto del Rey | 07/04/2026 | 930.2 B344 | L20653 | 07/04/2026 | 07/04/2026 | Libro |